How to write proposals and reports that get results. (Record no. 100813)

MARC details
000 -LEADER
fixed length control field 00633cam a2200217 4500
008 - FIXED-LENGTH DATA ELEMENTS--GENERAL INFORMATION
fixed length control field 000000n2000 000 0 eng u
020 ## - INTERNATIONAL STANDARD BOOK NUMBER
International Standard Book Number 0273644971
035 ## - SYSTEM CONTROL NUMBER
System control number (Sirsi) u108544
050 ## - LIBRARY OF CONGRESS CALL NUMBER
Classification number 808.066
100 ## - MAIN ENTRY--PERSONAL NAME
Personal name Jay, Ros
245 ## - TITLE STATEMENT
Title How to write proposals and reports that get results.
260 ## - PUBLICATION, DISTRIBUTION, ETC.
Place of publication, distribution, etc. London
Name of publisher, distributor, etc. Prentice Hall
Date of publication, distribution, etc. 2000
300 ## - PHYSICAL DESCRIPTION
Extent vi,157p. ; 21cm.
350 ## - PRICE (NR) (BK AM CF MU VM SE) [OBSOLETE]
Price 9.99
490 ## - SERIES STATEMENT
Series statement Smarter Solutions
520 ## - SUMMARY, ETC.
Summary, etc. Originally written as a training guide to accompany the Video Arts video Report Writing.
650 ## - SUBJECT ADDED ENTRY--TOPICAL TERM
Topical term or geographic name entry element BUSINESS WRITING
650 ## - SUBJECT ADDED ENTRY--TOPICAL TERM
Topical term or geographic name entry element REPORT WRITING
690 ## - LOCAL SUBJECT ADDED ENTRY--TOPICAL TERM (OCLC, RLIN)
Topical term or geographic name as entry element MANAGEMENT
942 ## - ADDED ENTRY ELEMENTS (KOHA)
Suppress in OPAC 0
Holdings
Withdrawn status Lost status Source of classification or shelving scheme Damaged status Not for loan Home library Current library Shelving location Date acquired Cost, normal purchase price Total Checkouts Full call number Barcode Date last seen Date last checked out Copy number Cost, replacement price Price effective from Koha item type
    Dewey Decimal Classification     London London Books 10/10/2000 8.49 19 808.066 JAY 30062166 06/08/2019 22/01/2009 1 8.49 06/08/2019 Book